Baseball Hall of Famers - Sudden Death - Statistics

General Stats
  • This quiz has been taken 1,587 times
    1,548 since last reset
  • The average score is 11 of 25
Answers on the Grid
Answers color-coded by a green-red scale on the quiz's grid according to % correct below.
Hank Aaron
Grover Alexander
Barry Bonds
Charlie Brown
Jose Canseco
Roger Clemens
Ty Cobb
Crash Davis
Sidd Finch
Lou Gehrig
Moonlight Graham
Lefty Grove
Rickey Henderson
Orel Hershiser
Roy Hobbs
Rogers Hornsby
Bo Jackson
"Shoeless" Joe Jackson
Tommy John
Randy Johnson
Walter Johnson
Nap Lajoie
Greg Maddux
Mickey Mantle
Christy Mathewson
Don Mattingly
Willie Mays
Mark McGwire
Thurman Munson
Stan Musial
Mel Ott
Rafael Palmeiro
Andy Pettitte
Dan Quisenberry
Frank Robinson
Alex Rodriguez
Pete Rose
Babe Ruth
Curt Schilling
Mike Schmidt
Tom Seaver
Homer Simpson
Sammy Sosa
Warren Spahn
Tris Speaker
Honus Wagner
Lou Whitaker
Ted Williams
Ricky "Wild Thing" Vaughn
Cy Young
 
Answer Stats
Answer % Correct
Hank Aaron
94%
Lou Gehrig
65%
Ty Cobb
63%
Rickey Henderson
55%
Grover Alexander
43%
Randy Johnson
43%
Rogers Hornsby
43%
Lefty Grove
42%
Babe Ruth
40%
Greg Maddux
40%
Mickey Mantle
40%
Willie Mays
40%
Cy Young
39%
Stan Musial
39%
Walter Johnson
39%
Ted Williams
38%
Mike Schmidt
36%
Christy Mathewson
35%
Frank Robinson
35%
Honus Wagner
35%
Mel Ott
35%
Tom Seaver
35%
Nap Lajoie
34%
Warren Spahn
32%
Tris Speaker
31%
No matching quizzes found
Score Distribution
Percent of People with Each Score
Percentile by Number Answered
Your Score History
You have not taken this quiz since the last reset